Color Concentration Quiz Stats

Quiz Updated Jul 9, 2013

Also try: Color Snap
Challenge
Share
Tweet
Embed
Score 0/120 Timer 03:00
0 Plays Today
% Correct
---------- A1 B8 ----------
94.3%
---------- A1 B8 ----------
94.3%
---------- A1 B8 ----------
94.3%
---------- B8 A1 ----------
94.3%
---------- B8 A1 ----------
94.3%
---------- B8 A1 ----------
94.3%
---------- A2 E7 ----------
87.2%
---------- A2 E7 ----------
87.1%
---------- A2 E7 ----------
87.1%
---------- E7 A2 ----------
87.1%
---------- E7 A2 ----------
87.1%
---------- E7 A2 ----------
87.1%
---------- D1 A7 ----------
85.5%
---------- D1 A7 ----------
85.5%
---------- D1 A7 ----------
85.5%
---------- A7 D1 ----------
85.5%
---------- A7 D1 ----------
85.5%
---------- A7 D1 ----------
85.5%
---------- C1 A6 ----------
81.3%
---------- C1 A6 ----------
81.3%
---------- C1 A6 ----------
81.3%
---------- A6 C1 ----------
81.3%
---------- A6 C1 ----------
81.3%
---------- A6 C1 ----------
81.3%
---------- E1 B6 ----------
81.2%
---------- E1 B6 ----------
81.2%
---------- E1 B6 ----------
81.2%
---------- B6 E1 ----------
81.2%
---------- B6 E1 ----------
81.2%
---------- B6 E1 ----------
81.2%
---------- B1 D7 ----------
81%
---------- B1 D7 ----------
81%
---------- B1 D7 ----------
81%
---------- D7 B1 ----------
81%
---------- D7 B1 ----------
81%
---------- D7 B1 ----------
81%
---------- B2 C8 ----------
77.4%
---------- B2 C8 ----------
77.4%
---------- B2 C8 ----------
77.4%
---------- C8 B2 ----------
77.4%
% Correct
---------- C8 B2 ----------
77.4%
---------- C8 B2 ----------
77.4%
---------- C2 E8 ----------
74.4%
---------- C2 E8 ----------
74.4%
---------- C2 E8 ----------
74.4%
---------- E8 C2 ----------
74.4%
---------- E8 C2 ----------
74.4%
---------- E8 C2 ----------
74.4%
---------- A3 D4 ----------
73.5%
---------- A3 D4 ----------
73.5%
---------- A3 D4 ----------
73.5%
---------- D4 A3 ----------
73.5%
---------- D4 A3 ----------
73.5%
---------- D4 A3 ----------
73.5%
---------- D2 B5 ----------
73.3%
---------- D2 B5 ----------
73.3%
---------- D2 B5 ----------
73.3%
---------- B5 D2 ----------
73.3%
---------- B5 D2 ----------
73.3%
---------- B5 D2 ----------
73.3%
---------- A4 C4 ----------
72.5%
---------- A4 C4 ----------
72.5%
---------- A4 C4 ----------
72.5%
---------- C4 A4 ----------
72.5%
---------- C4 A4 ----------
72.5%
---------- C4 A4 ----------
72.5%
---------- E2 E6 ----------
69.8%
---------- E2 E6 ----------
69.8%
---------- E2 E6 ----------
69.8%
---------- E6 E2 ----------
69.8%
---------- E6 E2 ----------
69.8%
---------- E6 E2 ----------
69.8%
---------- E3 A8 ----------
65.8%
---------- E3 A8 ----------
65.8%
---------- E3 A8 ----------
65.8%
---------- A8 E3 ----------
65.8%
---------- A8 E3 ----------
65.8%
---------- A8 E3 ----------
65.8%
---------- B3 C6 ----------
64.9%
---------- B3 C6 ----------
64.9%
% Correct
---------- B3 C6 ----------
64.9%
---------- C6 B3 ----------
64.9%
---------- C6 B3 ----------
64.9%
---------- C6 B3 ----------
64.9%
---------- B4 E5 ----------
63.6%
---------- B4 E5 ----------
63.6%
---------- B4 E5 ----------
63.6%
---------- E5 B4 ----------
63.6%
---------- E5 B4 ----------
63.6%
---------- E5 B4 ----------
63.6%
---------- A5 C5 ----------
63.5%
---------- A5 C5 ----------
63.5%
---------- A5 C5 ----------
63.5%
---------- C5 A5 ----------
63.5%
---------- C5 A5 ----------
63.5%
---------- C5 A5 ----------
63.5%
---------- C3 D8 ----------
63.4%
---------- C3 D8 ----------
63.4%
---------- C3 D8 ----------
63.4%
---------- D8 C3 ----------
63.4%
---------- D8 C3 ----------
63.4%
---------- D8 C3 ----------
63.4%
---------- D3 D6 ----------
60.2%
---------- D3 D6 ----------
60.2%
---------- D3 D6 ----------
60.2%
---------- D6 D3 ----------
60.2%
---------- D6 D3 ----------
60.2%
---------- D6 D3 ----------
60.2%
---------- D5 B7 ----------
55.9%
---------- D5 B7 ----------
55.9%
---------- D5 B7 ----------
55.9%
---------- B7 D5 ----------
55.9%
---------- B7 D5 ----------
55.9%
---------- B7 D5 ----------
55.9%
---------- E4 C7 ----------
53.1%
---------- E4 C7 ----------
53.1%
---------- E4 C7 ----------
53.1%
---------- C7 E4 ----------
53.1%
---------- C7 E4 ----------
53.1%
---------- C7 E4 ----------
53.1%

You're not logged in!

Compare scores with friends on all Sporcle quizzes.
Join for Free
OR
Log In

You Might Also Like...

Show Comments

Extras

Top Quizzes Today


Score Distribution

Your Account Isn't Verified!

In order to create a playlist on Sporcle, you need to verify the email address you used during registration. Go to your Sporcle Settings to finish the process.

Report this User

Report this user for behavior that violates our Community Guidelines.

Details: